Sweden Warthunder Ground Quiz 2026 - Statistics

General Stats
  • This quiz has been taken 5 times
  • The average score is 15 of 90
Answer Stats
Hint Answer % Correct
Rank VIII ItO 90M
60%
Rank V Strv 101
60%
Rank V Strv 103A
60%
Rank VI Strv 103C
60%
Rank VII Strv 121
60%
Rank VIII Strv 122B+
60%
Rank IV Bkan 1C
40%
Rank I BT-42
40%
Rank VII CV 90105
40%
Rank VIII CV90120-T
40%
Rank III Ikv 103
40%
Rank V Ikv-91
40%
Rank VII Leopard 2A4
40%
Rank VIII Leopard 2A6
40%
Rank IV Pbv 501
40%
Rank III Pz.IV
40%
Rank V Strv 103-0
40%
Rank VIII Strv 122A
40%
Rank VIII Strv 122B PLSS
40%
Rank V Strv 81
40%
Rank III T-34
40%
Rank V U-SH 405
40%
Rank III Comet I
20%
Rank VI CV 90105 TML
20%
Rank VIII CV 90 Mk.IV
20%
Rank VI Ikv 91-105
20%
Rank II Lago I
20%
Rank VII Lvkv 9040C
20%
Rank VII Lvkv 9040C
20%
Rank VIII NASAMS 3
20%
Rank II Pbv 301
20%
Rank III PT-76
20%
Rank III Sherman III/IV
20%
Rank II Spj fm 43-44
20%
Rank VI Strf 9040B
20%
Rank VII Strf 9040C
20%
Rank VI Strv 105
20%
Rank IV Strv 74
20%
Rank V Strv 81 RB 52
20%
Rank I Strv m31
20%
Rank I T-28
20%
Rank IV T-34-85
20%
Rank V T-54
20%
Rank VI T-55M
20%
Rank VI UDES 33
20%
Rank VI BMP-2MD
0%
Rank IV Charioteer Mk VII
0%
Rank VII Christian II
0%
Rank VII CT-CV-105HP
0%
Rank VI CV 9030FIN
0%
Rank VI CV 9035DK
0%
Rank VIII EldE 98
0%
Rank I Ikv 72
0%
Rank VI ItPsV Leopard
0%
Rank IV Kungstiger
0%
Rank III KV-1
0%
Rank III L-62 ANTI II
0%
Rank VI Leopard I
0%
Rank III Lvkv 42
0%
Rank VI Lvrbv 701
0%
Rank II Lvtdgb m40
0%
Rank III M24DK
0%
Rank I Pbil m40
0%
Rank VI Pbv 302 BILL
0%
Rank III Pvkv II
0%
Rank II Pvkv III
0%
Rank III Pvkv IV
0%
Rank III Pvkv m43 1946
0%
Rank III Pvkv m43 1963
0%
Rank V Pvrbv 551
0%
Rank I Sav m43 1944
0%
Rank II Sav m43 1946
0%
Rank VII Strf 9040 BILL
0%
Rank VI Strv 104
0%
Rank I Strv m38
0%
Rank I Strv m39
0%
Rank I Strv m40
0%
Rank II Strv m40 S-I
0%
Rank II Strv m41
0%
Rank III Strv m42 DT
0%
Rank II Strv m42 EH
0%
Rank I T-26
0%
Rank II T-50
0%
Rank VI T-72M1
0%
Rank VIII T 80 U
0%
Rank IV U-SH 204 GK
0%
Rank V VEAK 40
0%
Rank I Vickers Mk.E
0%
Rank V VIDAR
0%
Rank V ZSU-57-2
0%
No matching quizzes found
Score Distribution
Percent of People with Each Score
Percentile by Number Answered
Your Score History
You have not taken this quiz